000 00671nam a22001937a 4500
003 OSt
005 20250819013130.0
008 250819b |||||||| |||| 00| 0 eng d
020 _a0-688-10229-8.
040 _aDWC-Main Lib.
_cOC
100 _aCORRIHER, SHIRLEY O.
245 _aCook wise :
_bthe hows and whys of successful cooking/
260 _aNew York :
_bWilliam Morrow,
_cc2011.
300 _axviii, 526 pages :
_bcolor illustrations ;
_c25cm.
490 _aThe hows and whys of successful cooking with over 230 great-tasting recipes
504 _aIncludes bibliographical references and index.
650 _aCookery.
942 _2ddc
_cBK-CIRC
_hCirc.
_n0
999 _c4034
_d4034